|
|
|
|
| LEADER |
00000nam0a2200000 4500 |
| 001 |
349477 |
| 005 |
20231102010216.0 |
| 010 |
|
|
|b 500 экз.
|
| 035 |
|
|
|a (RuTPU)RU\TPU\retro\1783
|
| 090 |
|
|
|a 349477
|
| 100 |
|
|
|a 20180523d1954 m y0rusy50 ca
|
| 101 |
0 |
|
|a rus
|
| 102 |
|
|
|a RU
|
| 105 |
|
|
|a a z 001zy
|
| 200 |
1 |
|
|a К расчету котлоагрегата
|e техническая информация
|f Московский энергетический институт (МЭИ) ; под ред. А. П. Ковалева
|
| 210 |
|
|
|a Москва
|c Изд-во МЭИ
|d 1954
|
| 215 |
|
|
|a 62 с.
|c ил., табл.
|
| 316 |
|
|
|5 63413507: М-132528
|a На титульном листе владельческая подпись: "Бутаков"
|
| 317 |
|
|
|5 63413507: М-132528
|a Поступила в НТБ в 1970 г. в составе книжного собрания профессора ТПИ И. Н. Бутакова
|
| 606 |
1 |
|
|a Котлоагрегаты
|x Тепловой расчет
|2 stltpush
|3 (RuTPU)RU\TPU\subj\16044
|9 42235
|
| 610 |
1 |
|
|a поверхности нагрева
|
| 610 |
1 |
|
|a тепловой расчет
|
| 610 |
1 |
|
|a теплопроводность
|
| 610 |
1 |
|
|a библиотека И. Н. Бутакова
|
| 610 |
1 |
|
|a владельческая надпись
|
| 675 |
|
|
|a 621.18.016
|v 4
|
| 702 |
|
1 |
|a Ковалев
|b А. П.
|c профессор МЭИ
|g Алексей Павлович
|4 340
|
| 712 |
0 |
2 |
|a Московский энергетический институт (МЭИ)
|c (1930-1992)
|2 stltpush
|3 (RuTPU)RU\TPU\col\20092
|
| 801 |
|
1 |
|a RU
|b 63413507
|c 20180523
|
| 801 |
|
2 |
|a RU
|b 63413507
|c 20190731
|g RCR
|
| 942 |
|
|
|c BK
|